Memoria: IV congreso nacional de desarrollo rural, agricultura familiar, basa del desarrollo rural
| Main Author: | |
|---|---|
| Format: | Section = Libro |
| Language: | Undetermined Spanish |
| Published: |
Nicaragua
CNU
2013
|
| Subjects: |
| LEADER | 00625nam a2200205Ia 4500 | ||
|---|---|---|---|
| 008 | 241007s9999||||xx |||||||||||||| ||und|| | ||
| 040 | |a BIBLIOTECA-RURC/ 635 U54 | ||
| 041 | |a spa | ||
| 082 | |a 635 U54 | ||
| 100 | 1 | |a Ayuda en Acción en Nicaragua | |
| 245 | 1 | 0 | |a Memoria: IV congreso nacional de desarrollo rural, agricultura familiar, basa del desarrollo rural |
| 260 | |a Nicaragua |b CNU |c 2013 | ||
| 300 | |a 109 p. :il. | ||
| 650 | 7 | |a DESARROLLO RURAL | |
| 650 | 7 | |b AGRICULTURA FAMILIAR | |
| 650 | 7 | |c SEGURIDAD ALIMENTARIA NUTRICIONAL | |
| 650 | 7 | |d SOSTENIBILIDAD ECONOMICA | |
| 942 | |c BK |2 ddc | ||
| 991 | |a TEXTO | ||
| 999 | |c 14514 | ||